000 00933nam a2200289 a 4500
001 63183
003 BD-RjUL
005 20211209081152.0
008 170128s2004 ja 000 1 eng d
020 _a4925080814
035 _a(BD-RjUL)63311
040 _aUkOxU
_beng
_cUkOxU
_dBD-RjUL
041 1 _aeng
_hjpn
082 _223
_a895.635
_bSHT 2004
100 1 _aShimada, Sōji,
_d1948-
_9188028
245 1 4 _aThe Tokyo zodiac murders /
_cSoji Shimada ; translated by Ross and Shika Mackenzie.
260 _aTokyo ;
_aLondon :
_bIBC Publishing,
_cc2004.
300 _a251 p. ;
_c22 cm.
490 1 _aDetective Mitarai's casebook
650 _aAstrologers
_zJapan
_vFiction.
_9188029
650 _aZodiac
_vFiction.
_9188030
650 _aSerial murders
_zJapan
_vFiction.
_9188031
700 1 _aMackenzie, Ross,
_d1950-
_9188032
700 1 _aMackenzie, Shika.
_9188033
942 _2ddc
_cBK
999 _c63183
_d63183